00342nam a2200145Ia 4500008004100000020001500041041001200056082001100068100001500079245002300094250000800117260004800125300000800173650001500181221030s9999 xx 000 0 und d a8122422146 aEnglish a105.23 aS. S. Iyer 0aManaging For Value a3rd bNew Age Interantional Pub.aNew Delhic2009 a234 aManagement